Tuunnu Zogam leh kei/ (Record no. 9027)

MARC details
000 -LEADER
fixed length control field 00416nam a22001697a 4500
003 - CONTROL NUMBER IDENTIFIER
control field GBCCL
005 - DATE AND TIME OF LATEST TRANSACTION
control field 20241126110703.0
008 - FIXED-LENGTH DATA ELEMENTS--GENERAL INFORMATION
fixed length control field 180821b ||||| |||| 00| 0 eng d
040 ## - CATALOGING SOURCE
Transcribing agency gbc
082 ## - DEWEY DECIMAL CLASSIFICATION NUMBER
Classification number 305.8954054
Item number HAN
100 ## - MAIN ENTRY--PERSONAL NAME
Personal name Hangshing, Muana
9 (RLIN) 13329
245 ## - TITLE STATEMENT
Title Tuunnu Zogam leh kei/
Statement of responsibility, etc. by Muana Hangshing
260 ## - PUBLICATION, DISTRIBUTION, ETC.
Date of publication, distribution, etc. 2004.
Place of publication, distribution, etc. Aizawl:
Name of publisher, distributor, etc. Author,
300 ## - PHYSICAL DESCRIPTION
Extent 84p. ;
505 ## - FORMATTED CONTENTS NOTE
Formatted contents note V.2 2019
942 ## - ADDED ENTRY ELEMENTS (KOHA)
Source of classification or shelving scheme Dewey Decimal Classification
Koha item type Books
Holdings
Withdrawn status Lost status Source of classification or shelving scheme Damaged status Not for loan Home library Current Library Shelving location Date acquired Total checkouts Full call number Barcode Date last seen Copy number Price effective from Koha item type
    Dewey Decimal Classification     GRACE BIBLE COLLEGE GRACE BIBLE COLLEGE Vernacular 2022-02-24   VER 305.8954054 HAN 005559 2025-05-01 v.1 2022-02-24 Books
    Dewey Decimal Classification     GRACE BIBLE COLLEGE GRACE BIBLE COLLEGE Vernacular 2022-02-24   VER 305.8954054 HAN 005560 2025-05-01 v.2 c.1 2022-02-24 Books
    Dewey Decimal Classification     GRACE BIBLE COLLEGE GRACE BIBLE COLLEGE Vernacular 2022-02-24   VER 305.8954054 HAN 005561 2025-05-01 v.2 c.2 2022-02-24 Books
    Dewey Decimal Classification     GRACE BIBLE COLLEGE GRACE BIBLE COLLEGE Vernacular 2022-02-24   VER 305.8954054 HAN 005562 2025-05-01 v.2 c.3 2022-02-24 Books
    Dewey Decimal Classification     GRACE BIBLE COLLEGE GRACE BIBLE COLLEGE Vernacular 2022-02-24   VER 305.8954054 HAN 005564 2025-05-01 v.2 c.4 2022-02-24 Books
    Dewey Decimal Classification     GRACE BIBLE COLLEGE GRACE BIBLE COLLEGE Vernacular 2022-02-24   VER 305.8954054 HAN 005565 2025-05-01 v.2 c.5 2022-02-24 Books
© Grace Bible College Library 2025